000
00450nam a2200181Ia 4500
008
090123s9999 xx 000 0 und d
082
_b
36813
100
_a
ओक संजय
245
_a
तन मन
250
_a
1
260
_b
विद्या प्रकाशन
_c
2004
300
_a
240
600
_a
ओक संजय
630
_a
तन मन
700
_a
ओक संजय
730
_a
तन मन
942
_c
BOOK
999
_c
74880
_d
74880